The question of Palestine
Gardado en:
| Autor Principal: | |
|---|---|
| Formato: | Libro |
| Idioma: | Lingua castelá |
| Publicado: |
Nueva York
Vintage Books
1992
|
| Subjects: | |
| Tags: |
Engadir etiqueta
Sen Etiquetas, Sexa o primeiro en etiquetar este rexistro!
|
MARC
| LEADER | 00000nam a2200000 a 4500 | ||
|---|---|---|---|
| 001 | UCR5922 | ||
| 003 | CL-VaPUC | ||
| 008 | 980403e19920000US |||||||||||||||||spa|d | ||
| 082 | 0 | 4 | |a 327.0956 |b SAI |2 21 |
| 100 | 0 | |a Said, Edward W |e author |9 406883 | |
| 245 | 1 | 4 | |a The question of Palestine |
| 300 | |a 273 p | ||
| 942 | |c BK | ||
| 945 | |d 19980403 00:00:00 |a rbrito | ||
| 260 | |a Nueva York |b Vintage Books |c 1992 | ||
| 650 | 0 | |a Judíos |9 313771 | |
| 650 | 0 | |a Árabes |9 316264 | |
| 650 | 0 | |a Relaciones bilaterales |9 406884 | |
| 651 | 0 | |a Israel |9 314378 | |
| 651 | 0 | |a Palestina |9 324189 | |
| 583 | |a last modification |c 19980403 00:00:00 |k Rodrigo Vera | ||
| 999 | |c 268264 |d 268262 | ||
| 952 | |0 0 |1 0 |4 0 |6 327_095600000000000_SAI_1992 |7 0 |8 A |9 301253 |a BIBHIS |b BIBHIS |d 2019-11-20 |i 3379388 |o 327.0956 SAI 1992 |p 3379388 |r 2025-01-20 |w 2019-11-20 |y BK |k HIS | ||